Technologie de construction mécanique Tome I /
Technologie generale; Liaison des pieces mecaniques; Fonctions mecaniques.
Gorde:
| Egile nagusia: | |
|---|---|
| Beste egile batzuk: | |
| Formatua: | Liburua |
| Hizkuntza: | French |
| Argitaratua: |
Capitellier :
Peladan et le Cannellier,
1970.
|
| Gaiak: | |
| Etiketak: |
Etiketa erantsi
Etiketarik gabe, Izan zaitez lehena erregistro honi etiketa jartzen!
|
| Thư viện lưu trữ: | Mạng thư viện Đại học Đà Nẵng |
|---|
| LEADER | 00944cam a2200337 i 4500 | ||
|---|---|---|---|
| 001 | 000044293 | ||
| 003 | 2658 | ||
| 005 | 20050516150411.0 | ||
| 008 | 010307b1970 vm 000 fre | ||
| 040 | |a IRC |c IRC |d IRC | ||
| 041 | 0 | |a fre | |
| 082 | 1 | 4 | |a 621.815 |b NO-M |
| 100 | 1 | |a Norbert, M. | |
| 245 | 0 | 0 | |a Technologie de construction mécanique |n Tome I / |c M. Norbert, R. Philippe. |
| 260 | |a Capitellier : |b Peladan et le Cannellier, |c 1970. | ||
| 300 | |a 208 p. ; |c 28.5 cm. | ||
| 520 | 3 | |a Technologie generale; Liaison des pieces mecaniques; Fonctions mecaniques. | |
| 630 | 0 | 4 | |a Technologie. |
| 630 | 0 | 4 | |a Mécanique. |
| 650 | 0 | 4 | |a Technologie |x Construction mécanique. |
| 700 | 1 | |a Philippe, R. | |
| OWN | |a DUT | ||
| 999 | |a From the UDN01 | ||
| TYP | |a Monograph | ||
| TYP | |a Printed language | ||
| 980 | |a Mạng thư viện Đại học Đà Nẵng | ||